Practising human geography / (Record no. 47)

MARC details
000 -LEADER
fixed length control field 01217nam a22003137a 4500
003 - CONTROL NUMBER IDENTIFIER
control field OSt
005 - DATE AND TIME OF LATEST TRANSACTION
control field 20221230143119.0
008 - FIXED-LENGTH DATA ELEMENTS--GENERAL INFORMATION
fixed length control field 221230b |||||||| |||| 00| 0 eng d
020 ## - INTERNATIONAL STANDARD BOOK NUMBER
International Standard Book Number 0761973257
020 ## - INTERNATIONAL STANDARD BOOK NUMBER
International Standard Book Number 0761973001 (pbk.)
035 ## - SYSTEM CONTROL NUMBER
System control number (OCoLC)ocm55744122
040 ## - CATALOGING SOURCE
Original cataloging agency VXZ
Transcribing agency KMU
Modifying agency IXA
-- MUQ
-- DLC
042 ## - AUTHENTICATION CODE
Authentication code lccopycat
050 00 - LIBRARY OF CONGRESS CALL NUMBER
Classification number GF21
Item number .P73 2004
245 00 - TITLE STATEMENT
Title Practising human geography /
Statement of responsibility, etc. Paul Cloke ... [et al.].
246 3# - VARYING FORM OF TITLE
Title proper/short title Practicing human geography
260 ## - PUBLICATION, DISTRIBUTION, ETC.
Place of publication, distribution, etc. London ;
-- Thousand Oaks, Calif. :
Name of publisher, distributor, etc. SAGE,
Date of publication, distribution, etc. 2004.
300 ## - PHYSICAL DESCRIPTION
Extent xvi, 416 p. :
Other physical details ill. ;
Dimensions 25 cm.
504 ## - BIBLIOGRAPHY, ETC. NOTE
Bibliography, etc. note Includes bibliographical references (p. [376]-408) and index.
650 #0 - SUBJECT ADDED ENTRY--TOPICAL TERM
Topical term or geographic name entry element Human geography
General subdivision Methodology.
650 #0 - SUBJECT ADDED ENTRY--TOPICAL TERM
Topical term or geographic name entry element Applied human geography
General subdivision Methodology.
700 1# - ADDED ENTRY--PERSONAL NAME
Personal name Cloke, Paul J.
856 42 - ELECTRONIC LOCATION AND ACCESS
Materials specified Publisher description
Uniform Resource Identifier <a href="http://www.loc.gov/catdir/enhancements/fy0657/2003108066-d.html">http://www.loc.gov/catdir/enhancements/fy0657/2003108066-d.html</a>
856 41 - ELECTRONIC LOCATION AND ACCESS
Materials specified Table of contents only
Uniform Resource Identifier <a href="http://www.loc.gov/catdir/enhancements/fy0657/2003108066-t.html">http://www.loc.gov/catdir/enhancements/fy0657/2003108066-t.html</a>
906 ## - LOCAL DATA ELEMENT F, LDF (RLIN)
a 7
b cbc
c copycat
d 2
e epcn
f 20
g y-gencatlg
942 ## - ADDED ENTRY ELEMENTS (KOHA)
Source of classification or shelving scheme Dewey Decimal Classification
Koha item type Non-Fiction
Suppress in OPAC No
Holdings
Withdrawn status Lost status Source of classification or shelving scheme Damaged status Not for loan Collection Home library Current library Shelving location Date acquired Source of acquisition Total Checkouts Full call number Barcode Date last seen Price effective from Koha item type
    Library of Congress Classification     Non-fiction Kapasa Makasa University Kapasa Makasa University Open Access 30.12.2022 Book Aid   GF 21 Pau 2004 745330 30.12.2022 30.12.2022 Non-Fiction